[Event "Saarland-ch Seniors"]
[Site "Eppelborn"]
[Date "2008.03.26"]
[Round "7"]
[White "Ewen, Ewald"]
[Black "Beyer von Gablenz, Frank"]
[Result "1/2-1/2"]
[WhiteElo "1372"]
[BlackElo "1463"]
[PlyCount "67"]
[EventDate "2008.03.15"]
[EventType "swiss"]
[EventRounds "9"]
[EventCountry "GER"]
[SourceTitle "EXT 2010"]
[Source "ChessBase"]
[SourceDate "2010.11.25"]
[SourceVersion "1"]
[SourceVersionDate "2010.11.25"]
[SourceQuality "1"]

1. Nf3 d5 2. d4 Bf5 3. e3 a6 4. Bd3 Be4 5. Nc3 Nf6 6. 0-0 e6 7. a3 Bd6 8. h3 Nbd7 9. Be2 0-0 10. Nxe4 dxe4 11. Nd2 h6 12. c3 c5 13. Qc2 cxd4 14. cxd4 Rc8 15. Qb1 e5 16. Nxe4 Nxe4 17. Qxe4 b5 18. b4 f5 19. Qb1 exd4 20. exd4 f4 21. Bf3 Qg5 22. Qa2+ Kh8 23. Qd5 Qf6 24. Bb2 Rc2 25. Qb3 Rc4 26. Rfd1 Rc7 27. Rac1 Rfc8 28. Bg4 Rd8 29. Rxc7 Bxc7 30. Rc1 Bb8 31. Bxd7 Rxd7 32. Rc8+ Rd8 33. Rxd8+ Qxd8 34. Qc2 1/2-1/2

[Event "Saarland-ch Seniors"]
[Site "Eppelborn"]
[Date "2008.03.26"]
[Round "2"]
[White "Gross, Ernst"]
[Black "Beyer von Gablenz, Frank"]
[Result "0-1"]
[WhiteElo "1604"]
[BlackElo "1463"]
[PlyCount "118"]
[EventDate "2008.03.15"]
[EventType "swiss"]
[EventRounds "9"]
[EventCountry "GER"]
[SourceTitle "EXT 2010"]
[Source "ChessBase"]
[SourceDate "2010.11.25"]
[SourceVersion "1"]
[SourceVersionDate "2010.11.25"]
[SourceQuality "1"]

1. d4 Nf6 2. c4 e6 3. Nc3 Bb4 4. Qc2 b6 5. Nf3 h6 6. e3 Bb7 7. Bd3 d6 8. Bd2 Nbd7 9. a3 Bxc3 10. Bxc3 Qe7 11. b4 c5 12. bxc5 dxc5 13. 0-0 Bxf3 14. gxf3 0-0 15. Qb2 Ne8 16. Kh1 Rd8 17. Rad1 Nef6 18. Rg1 Kh8 19. f4 Rg8 20. d5 Nh5 21. Be2 Ndf6 22. Bf3 Kh7 23. Qe2 g6 24. Be5 exd5 25. cxd5 Ng7 26. Qc4 Nfe8 27. Qc2 Nd6 28. Qb2 Nc4 29. Qc3 Nxe5 30. fxe5 Rge8 31. e6 fxe6 32. Qc2 Qf6 33. Be4 Nf5 34. dxe6 Qxe6 35. Bxf5 Qxf5 36. Qxf5 gxf5 37. Rge1 c4 38. Kg1 b5 39. Kf1 a5 40. Rb1 Rb8 41. Rec1 Rec8 42. Ke2 Rc5 43. Kd2 Rd8+ 44. Ke2 Rdd5 45. h4 Rd3 46. Ra1 Rb3 47. Rd1 Rc7 48. Rd5 f4 49. exf4 Re7+ 50. Re5 Rd7 51. f5 c3 52. Rc5 Rb2+ 53. Ke3 Rb3 54. Ke2 Rb2+ 55. Ke3 b4 56. axb4 axb4 57. h5 c2 58. Rc6 b3 59. Rg1 Rb1 0-1

[Event "Saarland-ch Seniors"]
[Site "Eppelborn"]
[Date "2008.03.26"]
[Round "9"]
[White "Maas, Karl Heinz"]
[Black "Beyer von Gablenz, Frank"]
[Result "0-1"]
[WhiteElo "1388"]
[BlackElo "1463"]
[PlyCount "42"]
[EventDate "2008.03.15"]
[EventType "swiss"]
[EventRounds "9"]
[EventCountry "GER"]
[SourceTitle "EXT 2010"]
[Source "ChessBase"]
[SourceDate "2010.11.25"]
[SourceVersion "1"]
[SourceVersionDate "2010.11.25"]
[SourceQuality "1"]

1. d4 Nf6 2. e3 g6 3. Bd3 d5 4. Nf3 Nc6 5. c3 Bg4 6. 0-0 e5 7. Be2 e4 8. Ne5 Bxe2 9. Qxe2 Nxe5 10. dxe5 Nd7 11. f4 exf3 12. Qxf3 Nxe5 13. Qf4 Bd6 14. Qh6 Ng4 15. Qg7 Bxh2+ 16. Kh1 Rf8 17. Qxh7 Be5 18. Kg1 Qd7 19. Qh4 Rh8 20. Rxf7 Qxf7 21. Qxg4 Bh2+ 0-1